00845nam a2200217 a 4500008004100000020001500041050001300056100002000069245005700089250001500146260003700161300002000198350000900218500011200227650001400339650002600353700002200379995008800401999001700489952012100506120416s1987 ||||||||||||||||| || u a1853330256 aK 83 Her aHadley, Richard10aContracting and subcontracting for overseas projects aenlarged e aLondonbGraham and Trotmanc1987 axi, 90p. : ill. a0.00 aIncludes index. -Enl. ed. of: Topical aspects of overseas contracting for major engineering projects. 1977. aCONTRACTS aENGINEERING CONTRACTS aHerzfeld, Edgar O D0.00FCBU-MAIN LIBRARY (Kitwe)H1I34.75M1UAVAILABLEZAnnex Low-Usage Collection  c38689d38689 00102lcc4070a001b001cAnnex Low-Usage Collection d2022-11-30l0oK 83 Herp008523r2022-11-30w2022-11-30y002